00729nam a22001817a 4500003000900000008004100009040007100050082001800121100002500139245008100164260004000245300002600285505016900311650001500480650001500495650001300510700002400523AR-CdUCM190304b           ||||| |||| 00| 0 spa d  aMUNICIPALIDAD PROVINCIAL DEL CUSCOcBIBLIOTECA MUNICIPAL DEL CUSCO  a330.94 /bL84  aLoring Allen, Albert  aEl aspecto económico de la influencia soviética en la América latina /  aMexico :bEdit.Limusa Wiley,c1964.  a174 paginas ;c18 cm.  aContenido :Comercio --Política comercial --Practica comercial --Posición económica y comercial de América latina --Objetivos y metas de América latina ...  aEconomía  aPolítica  aComercio  aDaniel Ruiz Bringas